Direito do trabalho avesso da precarizaȯ̂ Volume I 2014

Bibliographic Details
Main Author: Souto Severo, Valdete
Format: eBook
Language:Portuguese
Published: San Pablo: LTR Editora, 2014
Subjects:
Online Access:Acceso restringido

MARC

LEADER 00000nam a22000007a 4500
005 20150529200628.0
007 cr|||| ||||
008 150529s2014 br |||||s|||| 00||0 por d
020 |a 978-85-361-2921-1 
035 |a 12714 
040 |a vLex 
090 |c 5450  |d 5450 
100 1 |a Souto Severo, Valdete 
245 1 0 |a Direito do trabalho avesso da precarizaȯ̂  |h [Recurso electrn̤ico] /  |c Valdete Souto Severo  |n Volume I 2014 
256 |a Servicio en ln̕ea 
260 |a San Pablo:  |b LTR Editora,  |c 2014 
300 |a 1 recurso electrn̤ico 
500 |a Costumamos brincar afirmando que as obras sobre o Direito do Trabalho geralmente nô serô encontradas na prateleira destinada aos livros “jurd̕icos” em nossas livrarias. Elas passeiam pelas mais diversas r̀eas, como a sociologia, a histr̤ia e mesmo a psicanl̀ise. Falar do aspecto jurd̕ico do trabalho humano ̌tambm̌ falar de tempo de vida, de estresse, de sujeiȯ̂, de reconhecimento do indivd̕uo enquanto sujeito, de transformaȯ̂ da realidade social, de futuro. Esse estudo, fruto de reflexe̳s ditadas por um contn̕uo recomeȧr, passeia por assuntos que incomodam os intřpretes aplicadores do direito. Alguns deles sô tabus, difc̕eis de serem enfrentados, por mais que a lg̤ica pareȧ gritar estejam ultrapassados desde a perspectiva do projeto constitucional que institum̕os em 1988. Sô temas atuais e instigantes, que pretendem tirar o leitor de sua zona de conforto, convocando-o ̉reflexô e ̉mudanȧ. 
506 1 |a Disponible solo en los productos indicados  |d vLex Global  |d vLex Global (Academic Edition, excluding Law Schools)  |d vLex Global (U.S. Academic Edition, Law Schools)  |d vLex Global (U.S. Academic Edition, excluding Law Schools)  |d vLex Global (Academic Edition, Law Schools) 
650 0 4 |a Derecho Laboral y Seguridad Social  |z Brasil 
740 0 |a vLex Libros (Servicio en ln̕ea) 
856 4 0 |u http://vlex.com/source/direito-do-trabalho-avesso-da-precariza-o-volume-i-2014-12714  |z Acceso restringido 
942 |c BOOK 
999 0 |a Labor and Social Security